<?xml version="1.0" encoding="UTF-8"?>
<collection xmlns:xsi="http://www.w3.org/2001/XMLSchema-instance" xsi:schemaLocation="http://www.loc.gov/MARC21/slim http://www.loc.gov/standards/marcxml/schema/MARC21slim.xsd" xmlns="http://www.loc.gov/MARC21/slim">
 <record>
  <leader>00000cmm a22000005i 4500</leader>
  <controlfield tag="001">UP-99796217611037563</controlfield>
  <controlfield tag="003">Buklod</controlfield>
  <controlfield tag="005">20250121103632.0</controlfield>
  <controlfield tag="006">m    go  j        </controlfield>
  <controlfield tag="007">cr |n |||auu|a</controlfield>
  <controlfield tag="008">250121s20102011ne      o  j        eng d</controlfield>
  <datafield tag="020" ind1=" " ind2=" ">
   <subfield code="a">978-1-4020-9904-5 (eBook)</subfield>
  </datafield>
  <datafield tag="035" ind1=" " ind2=" ">
   <subfield code="a">(iLib)UPD-00209103678</subfield>
  </datafield>
  <datafield tag="040" ind1=" " ind2=" ">
   <subfield code="a">DLC</subfield>
   <subfield code="d">DMLR</subfield>
   <subfield code="e">rda</subfield>
  </datafield>
  <datafield tag="041" ind1=" " ind2=" ">
   <subfield code="a">eng</subfield>
  </datafield>
  <datafield tag="042" ind1=" " ind2=" ">
   <subfield code="a">DMLUC</subfield>
  </datafield>
  <datafield tag="084" ind1=" " ind2=" ">
   <subfield code="a">QC 174.85 P76</subfield>
   <subfield code="b">P76 2011eb</subfield>
  </datafield>
  <datafield tag="245" ind1="0" ind2="0">
   <subfield code="a">Probabilities, causes and propensities in physics</subfield>
   <subfield code="h">[electronic resource]</subfield>
   <subfield code="c">edited by Mauricio Suárez.</subfield>
  </datafield>
  <datafield tag="264" ind1=" " ind2="1">
   <subfield code="a">Dordrecht, Netherlands</subfield>
   <subfield code="b">Springer Netherlands</subfield>
   <subfield code="c">2010.</subfield>
  </datafield>
  <datafield tag="264" ind1=" " ind2="0">
   <subfield code="c">©2011.</subfield>
  </datafield>
  <datafield tag="300" ind1=" " ind2=" ">
   <subfield code="a">1 online resource (x, 266 pages)</subfield>
  </datafield>
  <datafield tag="336" ind1=" " ind2=" ">
   <subfield code="a">text</subfield>
   <subfield code="2">rdacontent</subfield>
  </datafield>
  <datafield tag="337" ind1=" " ind2=" ">
   <subfield code="a">computer</subfield>
   <subfield code="2">rdamedia</subfield>
  </datafield>
  <datafield tag="338" ind1=" " ind2=" ">
   <subfield code="a">online resource</subfield>
   <subfield code="2">rdacarrier</subfield>
  </datafield>
  <datafield tag="490" ind1="0" ind2=" ">
   <subfield code="a">Synthese Library, Studies in Epistemology, Logic, Methodology, and Philosophy of Science</subfield>
   <subfield code="v">347.</subfield>
  </datafield>
  <datafield tag="505" ind1="0" ind2="0">
   <subfield code="a">Preface--1. Introduction; Mauricio Suárez--PART I: PROBABILITIES--2. Probability and time symmetry in classical Markov processes; Guido Bacciagaluppi--3. Probability assignments and the principle of indifference: an examination of two eliminative strategies; Sorin Bangu--4. Why typicality does not explain the approach to equilibrium; Roman Frigg; PART II: CAUSES--5. From metaphysics to physics and back: the example of causation; Federico Laudisa--6. On explanation in retro-causal interpretations of quantum mechanics; Joseph Berkovitz--7. Causal completeness in general probability theories; Balasz Gyenis, Miklós Rédei--8. Causal Markov, robustness and the quantum correlations; Mauricio Suárez, Iñaki San Pedro--PART III: PROPENSITIES--9. Do dispositions and propensities have a role in the ontology of quantum mechanics? Some critical remarks; Mauro Dorato--10. Is the quantum world composed of propensitons?; Nicholas Maxwell--11. Derivative dispositions and multiple derivative levels; Ian Thom</subfield>
  </datafield>
  <datafield tag="520" ind1=" " ind2=" ">
   <subfield code="a">This volume defends a novel approach to the philosophy of physics: it is the first book devoted to a comparative study of probability, causality, and propensity, and their various interrelations, within the context of contemporary physics -- particularly quantum and statistical physics. The philosophical debates and distinctions are firmly grounded upon examples from actual physics, thus exemplifying a robustly empiricist approach. The essays, by both prominent scholars in the field and promising young researchers, constitute a pioneer effort in bringing out the connections between probabilistic, causal and dispositional aspects of the quantum domain. The book will appeal to specialists in philosophy and foundations of physics, philosophy of science in general, metaphysics, ontology of physics theories, and philosophy of probabi</subfield>
  </datafield>
  <datafield tag="533" ind1=" " ind2=" ">
   <subfield code="a">Electronic reproduction.</subfield>
   <subfield code="b">New York</subfield>
   <subfield code="c">Springerlink</subfield>
   <subfield code="d">©2011.</subfield>
   <subfield code="n">Available via World Wide Web through Springer</subfield>
  </datafield>
  <datafield tag="650" ind1=" " ind2="0">
   <subfield code="a">Probabiliies.</subfield>
  </datafield>
  <datafield tag="650" ind1=" " ind2="0">
   <subfield code="a">Causation.</subfield>
  </datafield>
  <datafield tag="710" ind1="2" ind2=" ">
   <subfield code="a">SpringerLink (Online Service).</subfield>
  </datafield>
  <datafield tag="842" ind1=" " ind2=" ">
   <subfield code="a">Electronic Resources</subfield>
  </datafield>
  <datafield tag="856" ind1="4" ind2="0">
   <subfield code="y">Available for UP System via Springer Link.</subfield>
   <subfield code="u">https://doi.org/10.1007/978-1-4020-9904-5</subfield>
  </datafield>
  <datafield tag="905" ind1=" " ind2=" ">
   <subfield code="a">FO</subfield>
  </datafield>
  <datafield tag="852" ind1="0" ind2=" ">
   <subfield code="a">UPD</subfield>
   <subfield code="b">DMLR</subfield>
   <subfield code="h">QC 174.85 P76</subfield>
   <subfield code="i">P76 2011eb</subfield>
  </datafield>
  <datafield tag="942" ind1=" " ind2=" ">
   <subfield code="a">Electronic Resource</subfield>
  </datafield>
 </record>
</collection>
